| Tag |
First Indicator |
Second Indicator |
Subfields |
| LEADER |
00000cam a2200000 4500 |
| 001 |
in00000032530 |
| 005 |
20151007061804.0 |
| 008 |
740801s1948 iluac 00010aeng |
| 010 |
|
|
|a 48002783
|
| 035 |
|
|
|a (OCoLC)00970606
|
| 035 |
|
|
|9 AAD3079AM
|
| 040 |
|
|
|a DLC
|c TOL
|d OCL
|d TXA
|d UtOrBLW
|
| 049 |
|
|
|a TXAM
|c [156147]
|
| 050 |
0 |
0 |
|a GV865.D83
|b A3
|
| 082 |
0 |
|
|a 796.357
|
| 092 |
|
|
|a 796.357
|b D964d
|
| 100 |
1 |
|
|a Durocher, Leo,
|d 1906-1991.
|
| 245 |
1 |
4 |
|a The Dodgers and me :
|b the inside story.
|
| 264 |
|
1 |
|a Chicago :
|b Ziff-Davis Pub. Co.,
|c [1948]
|
| 300 |
|
|
|a x, 284 pages :
|b illustrations, portraits ;
|c 21 cm.
|
| 336 |
|
|
|a text
|b txt
|2 rdacontent
|
| 337 |
|
|
|a unmediated
|b n
|2 rdamedia
|
| 338 |
|
|
|a volume
|b nc
|2 rdacarrier
|
| 610 |
1 |
0 |
|a Brooklyn Dodgers (Baseball team)
|
| 999 |
|
|
|a MARS
|
| 999 |
f |
f |
|s 39f65dd3-ec67-328b-9d52-116249ea8aee
|i 61256c2d-56ff-3bdb-bd37-11064547a842
|t 0
|
| 952 |
f |
f |
|p ric
|a Texas A&M University
|b Rellis Campus
|c Joint Library Facility
|d Remote Storage
|t 0
|e GV865.D83 A3
|h Library of Congress classification
|i unmediated -- volume
|m A14801185282
|
| 998 |
f |
f |
|a GV865.D83 A3
|t 0
|l Remote Storage
|